| 000 | 00978 a2200193 4500 | ||
|---|---|---|---|
| 003 | Nust | ||
| 005 | 20230118141556.0 | ||
| 010 | _a 70141678 | ||
| 020 | _a0814452442 | ||
| 040 | _cNust | ||
| 082 | 0 | 0 | _a658,REE |
| 100 | 1 |
_aReeves, Elton T. _9107009 |
|
| 245 | 1 | 0 |
_aSo you want to be a supervisor! / _cby Elton T. Reeves. |
| 260 |
_a[New York] _bAmerican Management Association _c[1971] |
||
| 300 |
_a133 p. _c21 cm. |
||
| 505 | _aWhat It’s Like to be A Supervisor (Page-1), Skills and Abilities you will Need (Page-13), New Trends and Challenged you will Face (Page-36), You First Steps on the Road to Promotion (Page-59), Getting in Shape for Your Development Program (Page-68), Designing your Self Development Program (Page-81), Do It Yourself Project for your Development Program (Page-99), How to Achieve your self Development Goals (Page-116), When you’re Promoted Those First Critical Months (Page-122). | ||
| 650 | 0 |
_aSupervisors. _911920 |
|
| 942 |
_2ddc _cBK |
||
| 999 |
_c185953 _d185953 |
||